Damiano David - Talk to Me (all lyrics) - Statistics

General Stats
  • This quiz has been taken 23 times
  • The average score is 242 of 327
Answer Stats
Hint Answer % Correct
I
100%
like
100%
look
100%
me
100%
so
100%
ya
100%
Verse 1 You
100%
you
100%
a
93%
go
93%
know
93%
someone
93%
wanna
93%
be
86%
do
86%
oh
86%
really
86%
the
86%
and
79%
as
79%
baby
79%
body
79%
call
79%
care
79%
come
79%
Outro Come
79%
dangerous
79%
don't
79%
ever
79%
familiar
79%
first
79%
for
79%
gonna
79%
if
79%
it's
79%
I've
79%
let
79%
my
79%
not
79%
picture
79%
talk
79%
time
79%
to
79%
touch
79%
your
79%
called
71%
crazy
71%
every
71%
heart
71%
I'm
71%
nothing
71%
pretty
71%
something
71%
this
71%
you're
71%
already
64%
before
64%
but
64%
delicious
64%
forget
64%
guess
64%
heartless
64%
Verse 2 (Tyla) One
64%
there's
64%
want
64%
with
64%
been
57%
dagger
57%
eh
57%
going
57%
here
57%
is
57%
kill
57%
love
57%
drug
50%
enough
50%
feel
50%
I'll
50%
manipulation
50%
ripped
50%
sweetest
50%
taste
50%
tear
50%
that
50%
wherever
50%
you'll
50%
again
43%
alive
43%
get
43%
mind
43%
run
43%
thousand
43%
times
43%
addicted
36%
can't
36%
control
36%
done
36%
hair
36%
hands
36%
off
36%
out
36%
sure
36%
think
36%
through
36%
yeah
36%
you've
36%
Bridge 'Cause
29%
got
29%
No matching quizzes found
Score Distribution
Percent of People with Each Score
Percentile by Number Answered
Your Score History
You have not taken this quiz